Länder mit Schisprungschanzen - Statistiken

Allgemein
  • Dieses Quiz wurde 379 mal gespielt
  • Das Durchschnittsergebnis liegt bei 18 aus 23
Antwortstatistiken
Country % Korrekt
Deutschland
99%
Österreich
98%
Schweiz
98%
Russland
97%
Finnland
96%
Norwegen
96%
Vereinigte Staaten
96%
Schweden
95%
Frankreich
92%
Kanada
90%
Italien
88%
Japan
87%
Polen
87%
Tschechien
86%
Slowenien
85%
Slowakei
76%
Estland
68%
Südkorea
66%
Rumänien
57%
Bulgarien
51%
Türkei
41%
Kasachstan
39%
Bosnien und Herzegowina
36%
Keine übereinstimmenden Quizze gefunden
Verteilung der Resultate
Anzahl Personen mit jedem Resultat
Perzentil nach korrekt beantworteten Fragen
Ihre Resultats-Entwicklung
Sie haben dieses Quiz noch nicht gespielt